00233nam a2200097Ia 4500008004100000082001400041100001900055245002800074260001800102600001500120241002s9999 xx 000 0 und d a808.2 MAR aMarriott, J.W. 0aOne Act Plays of to day aLondon:c1953 aLiterature